00337cam a22001217a 4500008004000000082001300040245007900053260002600132300001000158650001100168700001500179700002100194180718bv.p. xxu||||| |||| 00| 0 eng d aLx54 T33 aReadings on performance budgetingcedited by M.J.K. Thavaraj and K.B. Iyer aDelhibResearchcv.p. a154p. aBudget aIyer, K.B. aThavaraj, M.J.K.